000 01001nac a22003017a 4500
001 BR8303351
003 BR-BrBNA
005 20240105115752.0
008 230509b bl.|||m| |||| 00| 0 por d
040 _aBR-BrBNA
_bpor
_cBiblioteca Nacional de Agricultura
072 _aK10
090 _a3290 BR8303351
100 1 _aMarques, L.C.T.
100 1 _aYared, J.A.G.
100 1 _aBrienza Junior, S.B.
100 1 _aKanashiro, M.
110 1 _aCentro de Pesquisa Agropecuaria do Tropico Umido, Belem, PA (Brasil)
245 1 _aInfluencia do substrato no crescimento de mudas de morototo Didymopanax morototoni (Aublet)Decne
260 3 _aBelem, PA (Brasil):
_c1983.
300 _a3 p.
490 _aPesquisa em Andamento - Centro de Pesquisa Agropecuaria do Tropico Umido (Brazil)
_vno. 120
_xISSN 0101-5613
650 _aMOROTOTO
650 _aMUDA
650 _aPRATICA CULTURAL
650 _aCRESCIMENTO
909 _a202312
_bLúcia Elande
_c55
_dLúcia Elande
942 _2AGRIS
_n0
_cMS
999 _c276302
_d276302